| 000 | 00870nam a2200229 i 4500 | ||
|---|---|---|---|
| 001 | 19882 | ||
| 003 | ES-MaACL | ||
| 005 | 20251011063051.0 | ||
| 007 | t| | ||
| 008 | 021023s1863 sp |||| | spa d | ||
| 100 | 1 |
_aAngulo y Heredia, Antonio, _d1837-1875 _921794 |
|
| 245 | 1 | 0 |
_aGoethe y Schiller, su vida, sus obras y su influencia en Alemania _b: lecciones pronunciadas en el Ateneo de Madrid / _cpor Antonio Angulo y Heredia. |
| 260 |
_aMadrid : _b[s.n.], _c1863 ( _fImp. de Manuel Galiano) |
||
| 300 |
_a47 p. ; _c21 cm. |
||
| 600 | 1 | 4 |
_aGoethe, Johann Wolfgang von, _d1749-1832 _957568 |
| 600 | 1 | 4 |
_aSchiller, Friedrich, _d1759-1805 _9104361 |
| 610 | 2 | 7 |
_aAteneo de Madrid- _vConferencias- _yS.XIX. _91910 |
| 852 | 4 |
_aES-MaACL _jT-70-F-1 _z Dedicatoria autógrafa del autor |
|
| 852 | 4 |
_aES-MaACL _jT-85-F-3 |
|
| 942 | _2udc | ||
| 999 |
_c19882 _d19882 |
||